000 00418 a2200109 4500
001 ART_44619
005 20260410162018.0
008 260409a
245 1 0 _aConclusiones y recomendaciones de las XXVI Jornadas Nacionales de Derecho Civil en materia sucesoria
100 1 _aMerlo, Leandro M.
773 0 _tTemas de derecho de familia, sucesiones y bioética
_g- Año 2, Nº 11 (nov. 2017)
_wREV41029
999 _c32807
_d32807